[Event "XXX International Open"]
[Site "?"]
[Date "1999.03.31"]
[Round "5"]
[White "Milos Gilberto"]
[Black "Slipak Sergio David ARG"]
[Result "1/2-1/2"]
[WhiteElo "2586"]
[BlackElo "2521"]
[PlyCount "35"]
[EventDate "1999.??.??"]
[Source "www.chesslib.no"]
[SourceDate "2004.05.04"]

1. c4 e5 2. g3 Nc6 3. Bg2 g6 4. Nc3 Bg7 5. Rb1 a5 6. d3 d6 7. e4 f5 8. Nge2 Nf6 9. Nd5 Nxd5 10. cxd5 Ne7 11. d4 O-O 12. dxe5 dxe5 13. Be3 fxe4 14. Nc3 Nf5 15. Bc5 e3 16. fxe3 Nd6 17. e4 b6 18. Bf2 1/2-1/2

[Event "Protvino"]
[Site "?"]
[Date "1988.??.??"]
[Round "?"]
[White "Chernin, Alexander M"]
[Black "Razuvaev, Yuri S"]
[Result "1/2-1/2"]
[WhiteElo "2565"]
[BlackElo "2535"]
[PlyCount "29"]
[EventDate "1988.??.??"]
[Source "www.chesslib.no"]
[SourceDate "2004.05.04"]

1. c4 e5 2. g3 Nc6 3. Bg2 g6 4. Nc3 Bg7 5. e3 d6 6. Nge2 Nh6 7. d3 O-O 8. O-O Be6 9. h3 Qd7 10. Kh2 f5 11. f4 Nf7 12. b3 Qd8 13. Bb2 Rb8 14. Qd2 Ne7 15. Bc1 1/2-1/2

[Event "ch POL"]
[Site "?"]
[Date "1997.??.??"]
[Round "11"]
[White "Krasenkow Michal"]
[Black "Gdanski Jacek"]
[Result "1/2-1/2"]
[WhiteElo "2615"]
[BlackElo "2485"]
[PlyCount "30"]
[EventDate "1997.??.??"]
[Source "www.chesslib.no"]
[SourceDate "2004.05.04"]

1. c4 e5 2. Nc3 Nc6 3. g3 g6 4. Bg2 Bg7 5. e3 d6 6. Nge2 Be6 7. d4 exd4 8. Nxd4 Bd7 9. O-O Nge7 10. b3 O-O 11. Bb2 Nxd4 12. Be4 c6 13. Re1 Qb6 14. Bc2 Qa5 15. Qd3 Qh5 1/2-1/2

[Event "Spartakiade tt 8th"]
[Site "Moscow RUS"]
[Date "1983.??.??"]
[Round "3"]
[White "Agzamov, Georgy T"]
[Black "Jussupow, Artur M"]
[Result "1/2-1/2"]
[WhiteElo "2535"]
[BlackElo "2565"]
[PlyCount "50"]
[EventDate "1983.07.??"]
[Source "www.chesslib.no"]
[SourceDate "2004.05.04"]

1. c4 e5 2. g3 Nc6 3. Bg2 g6 4. Nc3 Bg7 5. e3 d6 6. Nge2 h5 7. h4 Nh6 8. d3 O-O 9. Nd5 Ne7 10. e4 c6 11. Nf6+ Kh8 12. Bg5 Ng4 13. Nxg4 Bxg4 14. Qd2 f6 15. Be3 d5 16. cxd5 cxd5 17. f3 Be6 18. d4 Nc6 19. O-O dxe4 20. fxe4 exd4 21. Nxd4 Bd7 22. Nxc6 Bxc6 23. Bd4 Kh7 24. Rf2 Qd6 25. Qc3 Qe6 1/2-1/2

[Event "New York op"]
[Site "New York"]
[Date "1994.??.??"]
[Round "9"]
[White "Lobron, Eric"]
[Black "Stefansson, Hannes"]
[Result "1-0"]
[WhiteElo "2570"]
[BlackElo "2525"]
[PlyCount "77"]
[EventDate "1994.03.??"]
[Source "ChessBase"]

1. c4 e5 2. Nc3 Nc6 3. g3 g6 4. Bg2 Bg7 5. Rb1 a5 6. a3 f5 7. d3 Nf6 8. e3 O-O 9. Nge2 Ne7 10. O-O c6 11. b3 d6 12. f4 exf4 13. exf4 d5 14. h3 c5 15. Na4 b6 16. Bb2 Ra7 17. d4 Ne4 18. dxc5 Nxc5 19. Bxg7 Kxg7 20. Qd4+ Rf6 21. Nxc5 bxc5 22. Qxc5 Rd7 23. cxd5 Bb7 24. Rbd1 Bxd5 25. Nc3 Bxg2 26. Kxg2 Re6 27. b4 axb4 28. axb4 Kh6 29. Rxd7 Qxd7 30. b5 Qd2+ 31. Rf2 Qc1 32. b6 Re1 33. b7 Rh1 34. b8=Q Qg1+ 35. Kf3 Rxh3 36. Ne2 Qd1 37. Qf8+ Kh5 38. Qfxe7 Qb3+ 39. Kg2 1-0

[Event "Moscow ol (Men)"]
[Site "Moscow"]
[Date "1994.??.??"]
[Round "6"]
[White "Sokolovs, Andrei"]
[Black "Giorgadze, Giorgi"]
[Result "1/2-1/2"]
[WhiteElo "2520"]
[BlackElo "2565"]
[PlyCount "80"]
[EventDate "1994.11.??"]
[Source "ChessBase"]

1. c4 e5 2. Nc3 Nc6 3. g3 g6 4. Bg2 Bg7 5. e3 f5 6. d3 Nf6 7. Nge2 O-O 8. a3 d6 9. b4 Ne7 10. Bb2 c6 11. Qd2 Be6 12. O-O Qd7 13. f4 Rad8 14. Rac1 Kh8 15. Nd1 Bg8 16. Nf2 exf4 17. gxf4 c5 18. Rfd1 b6 19. Bc3 d5 20. bxc5 bxc5 21. cxd5 Nexd5 22. Be5 Qe7 23. Nc3 Nb6 24. Qc2 c4 25. a4 cxd3 26. Rxd3 Nc4 27. Bd4 Rb8 28. Nb5 a6 29. Na7 Qe6 30. Rc3 Rb2 31. Qd3 Na5 32. Rc7 Ra2 33. Nh3 h6 34. Be5 Rxa4 35. Nc6 Nc4 36. Re7 Qc8 37. Rc7 Qe6 38. Re7 Qc8 39. Rc7 Qe6 40. Re7 Qc8 1/2-1/2